| 000 | 02553cas a22003257c 4500 | ||
|---|---|---|---|
| 999 |
_c412324 _d412324 |
||
| 001 | 137056 | ||
| 003 | UA-OsUOA | ||
| 005 | 20190926100732.0 | ||
| 007 | ta | ||
| 008 | 201904c1999 un qr|p||00| 0 ukrcdukr d | ||
| 022 | _a1562529Х | ||
| 040 |
_aUA-OsUOA _bukr _cUA-OsUOA _dUA-OsUOA |
||
| 041 |
_aukr _arus _aeng |
||
| 044 | _aUA | ||
| 080 | _a37 | ||
| 090 |
_a37 _bН73 |
||
| 099 | _a22863 | ||
| 110 | _aХарківський національний університет радіоелектроніки, Харківський національний педагогічний університет ім. Г. С. Сковороди, Харківський регіональний інститут державного управління Національної академії державного управління при Президентові України | ||
| 245 |
_aНовий клегіум _bнауковий інформаційний журнал _cгол. ред. І. Ф. Прокопенко |
||
| 260 |
_aХарків _bПриватна фірма "Колегіум" |
||
| 310 | _aщоквартально | ||
| 520 | _a«Новий Колегіум» видається за сприяння Ради ректорів вищих навчальних закладів Харківської області та Харківського університетського консорціуму, за підтримки Департаменту науки і освіти Харківської обласної державної адміністрації. Концепція видання передбачає побудову єдиного інформаційного простору в галузі освіти, висвітлення можливостей українських та зарубіжних закладів освіти усіх форм і типів, популяризацію нових освітніх технологій тощо. За результатами Всеукраїнського конкурсу «Вища школа-2008» «Новий Колегіум» нагороджено Дипломом 1 ступеня з врученням золотої медалі. | ||
| 650 | 7 |
_a37 Освіта. Виховання. Навчання. Дозвілля _2UDC |
|
| 856 | _uhttps://nure.ua/branch/zhurnal-noviy-kolegium | ||
| 942 |
_cMG _2udc |
||
| 955 | _a1 | ||
| 962 | _d1999 | ||